| 000 | 00591nam a22001097a 4500 | ||
|---|---|---|---|
| 008 | 110622t xxu||||| |||| 00| 0 eng d | ||
| 010 | _aCAEPAF72a | ||
| 245 | _aCourt of Appeal Election Petition Appeal No. 07 OF 2006 Mbayo Jacob Robert Vs Electoral Commission and another | ||
| 260 | _c2006 | ||
| 500 | _aCoram: Hon. Justice G.M. Okello, JA Hon. Justice A. Twinomujuni, JA Hon. Justice C.K. Byamugisha, JA | ||
| 500 | _aAppeal from the decision of the High Court of Uganda sitting at Mbale (Muhanguzi Ag. J) dated 23rd July 2006 arising from Election Petition No. 18/2006 | ||
| 999 |
_c3556 _d3556 |
||